College Quizbowl Stats
College Quizbowl Stats
Circuits
Seasons
Sets
Records
Detailed Stats
About
Loading...
2023 BHSU @ Northwestern
Tossups
Bonuses
Players
Teams
Categories (Tossup)
Categories (Bonus)
Pranav Sivaram
Ohio State A
Categories
Category
Powers
Gets
Negs
BBs
Points
Earliest Buzz
Avg. Buzz
First Buzzes
Top 3 Buzzes
Science - Biology
0
3
0
1
30
89
108.33
1
3
Science - Other Science
0
3
0
3
30
129
134.00
0
1
Science - Chemistry
0
2
0
1
20
93
118.50
0
1
Science - Physics
0
0
0
0
0
0.00
0
0
Buzzes
Category
Answer
Value
Buzz Position
Science - Biology
ATP hydrolysis
10
89
Science - Chemistry
cellulose
10
93
Science - Biology
reductases
10
111
Science - Chemistry
periodate
0
119
Science - Biology
chemotaxis
10
125
Science - Other Science
Sophus Lie
0
128
Science - Other Science
sunspots
10
129
Science - Physics
length
0
131
Science - Physics
d'Alembertian
0
132
Science - Other Science
fluid velocity
10
133
Previous
1
2
Next